Seni tarian tradisional

Bibliographic Details
Main Author: Iman Suffiya
Format: Book
Published: Kuala Lumpur : Penerbit Era Didik , 2006
Series:Siri warisan budaya Malaysia
Subjects:

MARC

LEADER 00000cam a2200000 7i4500
001 0000006966
005 20151222.0
008 070828
020 |a 983267168X(set) 
020 |a 9832671728 
090 0 0 |a CUS   |b MAL 
100 0 |a Iman Suffiya 
245 0 0 |a Seni tarian tradisional   |c Iman Suffiya 
260 |a Kuala Lumpur :   |b Penerbit Era Didik ,   |c 2006 
440 |a Siri warisan budaya Malaysia 
500 |a Children ages 10-12 years old (pink) 
650 0 |a Malay language   |x Readers   |x Folk dancing 
999 |a 0000986477   |b Book   |c Children Collection   |e Perbadanan Perpustakaan Awam Johor 
999 |a 0000986478   |b Book   |c Children Collection   |e Cawangan Bandar Penawar 
999 |a 0000986479   |b Book   |c Children Collection   |e Perbadanan Perpustakaan Awam Johor 
999 |a 0001058628   |b Book   |c Children Collection   |e Perbadanan Perpustakaan Awam Johor